01584cam a2200277 a 45000010009000000050017000090080041000260100015000670200018000820200015001000400058001150820023001731000028001962450088002242600069003123000051003815000024004325050553004566500038010096530025010476550024010727000026010969420023011229990017011459520144011621561150120141215130955.0090204s2008 xxkadk fr 001 0 eng d a2009285401 a9781906403287 a1906403287 aBTCTAcBTCTAdYDXCPdBAKERdBWXdOCLCQdDLCdEG-ScBUE00222bBRIa332.106881 aBrighouse, David93692710aFinancial services :bthe commercial environment /cDavid Brighouse, Janet Hontoir. aLondon, United Kingdom :bGlobal Professional Publishing,c2008. axiv, 280 p. :bcharts, forms, tables ;c24 cm. aIndex : p. 275-280.0 aIntroduction to the financial services environment-Financial intermediation-Credit creation-The nature and purpose of financial markets-Retail financial services-Capital markets-Other markets-The pricing of financial assets-The background to economic policies-Monetary policy-Fiscal policy-The background to financial regulation-International aspects of financial regulation -Prudential regulation-The changing nature of financial regulation-The impact of legislative and voluntary regulation-Social and demographic issues-The impact of technology. 0aFinancial services industry93475 bBUSADMcDecember2014 vreading book9342321 aHontoir, Janet936928 2ddck332.10688 BRI c18777d18749 00102ddc40708BaccahaMAINbMAINc1STd2014-12-15epurchaseg364.00h20677l0o332.10688 BRIp000037174r2025-07-15 00:00:00v455.00yBB